| 000 | 00636nam a2200241Ia 4500 | ||
|---|---|---|---|
| 003 | OSt | ||
| 005 | 20221007101423.0 | ||
| 006 | a|||||r|||| 00| 0 | ||
| 007 | ta | ||
| 008 | 221006b |||||||| |||| 00| 0 eng d | ||
| 024 | _a6,435 | ||
| 037 | _cTextual | ||
| 040 |
_aLCO _cLCO _beng |
||
| 041 |
_2eng _aeng |
||
| 082 | _aZ73,5:(7), L4 | ||
| 100 |
_aHARMACHEA CARROLL _9702970 |
||
| 245 | 0 | _aSource Book in Criminalistics. | |
| 260 |
_aLondon _bReston Pub. Co. _c1974 |
||
| 300 | _a272 | ||
| 650 |
_aCRIMINALISTICS _9702971 |
||
| 942 |
_hZ73,5:(7), L4 _cTEXL |
||
| 999 |
_c1175998 _d1175998 |
||